000 01129nas a2200349 4500
001 BR0205716
003 BR-BrBNA
005 20231205103413.0
007 ta
008 230509b bl.|||p| |||| 00| 00por d
040 _aBR-BrBNA
_bpor
_cBiblioteca Nacional de Agricultura
041 _a(Pt)
072 _aL02; L52
100 1 _aVargas, F.M.
100 1 _aBonnecarrère Sanchez, L.M.
100 1 _aPascoal, L.L.
100 1 _aOliveira, M.V.M.
100 1 _aCarvalho, P.A.
100 1 _aMontagner, D.
100 1 _aWeber, A.
100 1 _aBolzan, I.T.
245 1 _aDesempenho de novilhos de corte alimentados com dietas contendo quantidades crescentes de concentrado associado à forragem de aveia (Avena strigosa)tratada com uréia
650 _aBEZERRO DE CORTE
650 _aAVEIA FORRAGEIRA
650 _aDIETA
650 _aURÉIA
650 _aGANHO DE PESO
650 _aCONFINAMENTO
773 0 _tArquivo Brasileiro de Medicina Veterinária e Zootecnia (Brazil)
_xISSN 0102-0935
_g(Aug 2002), v. 54(4) p. 405-413
_wBR0205716
909 _a202311
_bLúcia
_c55
_dLúcia Elande
942 _2AGRIS
_n0
_cANA
999 _c172674
_d172674